| 000 | 00738 a2200193 4500 | ||
|---|---|---|---|
| 001 | 54218 | ||
| 005 | 20260407155812.0 | ||
| 008 | 260407a1966 arg spa d | ||
| 003 | AR-UNSa-BCEJYS | ||
| 040 |
_aAR-UNSa-BCEJYS _bspa _cAR-UNSa-BCEJYS |
||
| 080 |
_a338.5 _xPrecios. Formación de precios. Costes |
||
| 245 | 1 | 0 | _aEl sistema de precios |
| 264 | 1 |
_aMéxico : _bUnión Tipográfica Editorial Hispano-Americana (UTEHA) _c1966 |
|
| 300 |
_a303 p. _c17 cm. |
||
| 505 | _a1. Lugar de los precios en una economía moderna – 2. Empresas – 3. Consumo – 4. Mercados e industrias – 5. Los precios y la economía – 6. Eficacia económica. | ||
| 942 | _cBK | ||
| 590 | _aniveau_biblio:m niveau_hierar:0 | ||
| 100 | 1 | _aDorfman, Robert | |
| 999 |
_c5389 _d5389 |
||